000 00781cas a2200181 4500
022 0 _a0066-0604
082 0 4 _a620.0091415
_bTRA
_cN-01,P-109
110 2 _aAmerican Society of Civil Engineers.
_9702
245 1 0 _aAmerican Society of Civil Engineers index to transections vol 1.
260 _aNew York,
_bAmerican Society of Civil Engineers.
300 _av.
_bill., maps (part fold.) diagrs.
_c23 cm.
520 _aVols. 131 include papers of the International Engineering Congress, Chicago, 1965; v. 54 includes papers of the International Engineering Congress, St. Louis, 1904.
526 _a0
_b0
_c0
_d620_009141500000000_TRA
590 _aSERBIB/SERLOC merged record
650 0 _aCivil engineering
710 2 _aAmerican Society of Civil Engineers.
_9702
942 _2ddc
_cBK
999 _c545389
_d545389